000 00790cam a2200229 a 4500
001 000003392
005 20200929150428.0
008 970701s1998 ag 000 f spa
020 _a9500819333
040 _aDO-SdBNP
_cDLC
_dDLC
_dOCoLC
_dDLC
041 1 7 _aspa
_heng
_2Código de idioma MARC
082 _a813.54
_bL945r
100 1 _aLudlum, Robert
_d1927-2001.
_910566
240 1 3 _aThe Matarese countdown.
_lEspañol.
245 1 3 _aEl retorno de los Matarese /
_cRobert Ludlum ; traducción, Rosa S. Corgatelli.
260 _aBuenos Aires :
_bAtlántida,
_c1998.
300 _a440 p. ;
_c24 cm.
534 _aTítulo original:
_tThe Matarese countdown.
650 4 _aLitratura estadounidense
_910567
700 1 _aCorgatelli, Rosa S.
_etr.
_910568
910 _aCatalogación por copia / LC
999 _c3222
_d3222